000 00543naa a22001217u 4500
008 130517b2004 xxu||||| |||| 00| 0 fre d
040 _aFRE
100 1 _aSutton, Jonathan
_910762
245 0 0 _aLe statut problématique de la tradition russe dans la philosophie religieuse
300 _a193-200 p.
_c21 cm.
773 0 _tRaison philosophique et christianisme à l'Aube du IIIe millénaire
_aCAPELLE, Philippe; GREISCH, Jean;LADRIÈRE, Jean; POUPARD, Paul; VALDRINI, Patrick
_dParis,Cerf,2004,
_gpágs. 193-200
_z2-204-07461-6,
_w72647
942 _cAC
999 _c225024
_d225024